| 000 | 00000nam##2200000za#4500 |
| 001 | 9.576751 |
| 003 | CaOODSP |
| 005 | 20210624185304 |
| 007 | cr ||||||||||| |
| 008 | 150406|2013||||xxc|||||o f|0| 0 eng|d |
| 022 | |a1920-6593 |
| 040 | |aCaOODSP|beng |
| 043 | |an-cn--- |
| 086 | 1 |aA74-2/2011-18E-PDF |
| 110 | 1 |aCanada. |bAgriculture and Agri-Food Canada. |bInternational Markets Bureau. |
| 245 | 10|aRegional profile - discounters in central Europe (Romania, Hungary, Poland, Slovakia and the Czech Republic) |h[electronic resource] |
| 260 | |aOttawa - Ontario : |bAgriculture and Agri-Food Canada. |cMarch 2011. |
| 300 | |a17p.|bgraphs, tables, photographs |
| 490 | 1 |aMarket analysis report |x1920-6593 |
| 590 | |a13-16-Supp|b2013-07-12 |
| 775 | 08|tProfil régional - les magasins de discompte en Europe centrale (Roumanie, Hongrie, Pologne, Slovaquie et République tchèque) |w(CaOODSP)9.605744 |
| 830 | #0|aMarket analysis report,|x1920-6593|w(CaOODSP)9.506379 |
| 856 | 40|ahttp://publications.gc.ca|qPDF|s1.2 MB|uhttps://publications.gc.ca/collections/collection_2013/aac-aafc/A74-2-2011-18-eng.pdf |
| 986 | |aAAFC No. 11401E |